01017nam a2200325Ia 4500001000700000003000500007008004100012010001100053020001800064040000900082082001500091100003100106245008100137260005700218300001500275503001700290504005100307650002800358650003800386650002800424650004200452700003700494901001500531902000600546910000900552942000600561942000700567999001900574952009800593Z_6226CHAP220113s1990 xx 000 0 und d a169469 a0-12-355065-3 cCHAP a591.51 H66 aHonore´, Erika K.9144214 aA concise survey of animal behavior /cErika K. Honore´ y Peter H. Klopfer aEstados Unidos de América :bAcademic Press,c1990 axx, 186 p. aej.1: 174707 aBibliografía: p. 163 - 170, incluye índice aAnimal behavior9144215 aComportamiento migratorio9144216 aConducta animal9134384 aEvoluciónmigration behavior9144217 aKlopfer, Peter H. coaut.9144218 a591.51 H66 aM a1990 c1 cc1 c169469d169469 00102ddc40708GRALaZbZc1d2012-07-02pz_5071r2022-01-18 00:00:00t1w2022-01-18yLIBRO